Největší bohatství
Uložené v:
| Hlavný autor: | |
|---|---|
| Ďalší autori: | |
| Médium: | Kniha |
| Jazyk: | Czech |
| Vydavateľské údaje: |
Brno
Centrum pro studium demokracie a kultury
2006
|
| Predmet: | |
| Tagy: |
Žiadne tagy, Buďte prvý, kto otaguje tento záznam!
|
MARC
| LEADER | 00000nam$a2200000$$$4500 | ||
|---|---|---|---|
| 001 | 0076232 | ||
| 005 | 20240311131307.4 | ||
| 020 | |a 80-7325-082-9 | ||
| 041 | 0 | |a cze | |
| 044 | |a CZ | ||
| 245 | 1 | 0 | |a Největší bohatství |c Julian L. Simon ; prekl. Jiří Ogrocký |
| 264 | 1 | |a Brno |b Centrum pro studium demokracie a kultury |c 2006 | |
| 300 | |a 666 s. | ||
| 610 | 2 | 0 | |a prognózy demografické |
| 610 | 2 | 0 | |a explózia populačná |
| 610 | 2 | 0 | |a populácia |
| 610 | 2 | 0 | |a zdroje prírodné |
| 610 | 2 | 0 | |a zdroje surovinové |
| 610 | 2 | 0 | |a zdroje energetické |
| 610 | 2 | 0 | |a prostredie životné |
| 100 | 1 | |a Simon, Julian Lincoln | |
| 700 | 1 | |a Ogrocký, Jiří | |